<?xml version="1.0" encoding="UTF-8"?>
<record
    xmlns:xsi="http://www.w3.org/2001/XMLSchema-instance"
    xsi:schemaLocation="http://www.loc.gov/MARC21/slim http://www.loc.gov/standards/marcxml/schema/MARC21slim.xsd"
    xmlns="http://www.loc.gov/MARC21/slim">

  <leader>01958nam a2200397 i 4500</leader>
  <controlfield tag="003">DO-SdBNP</controlfield>
  <controlfield tag="005">20240229073834.0</controlfield>
  <controlfield tag="007">ta</controlfield>
  <controlfield tag="008">240219s2010    dr a          000 0 spa d</controlfield>
  <datafield tag="020" ind1=" " ind2=" ">
    <subfield code="a">9789945002775</subfield>
  </datafield>
  <datafield tag="040" ind1=" " ind2=" ">
    <subfield code="a">DO-SdBNP</subfield>
    <subfield code="b">spa</subfield>
    <subfield code="c">BNPHU</subfield>
    <subfield code="e">rda</subfield>
  </datafield>
  <datafield tag="041" ind1="1" ind2="7">
    <subfield code="a">spa</subfield>
    <subfield code="a">fre</subfield>
    <subfield code="a">ita</subfield>
    <subfield code="a">por</subfield>
    <subfield code="a">eng</subfield>
  </datafield>
  <datafield tag="082" ind1=" " ind2="4">
    <subfield code="2">22</subfield>
    <subfield code="b">M878</subfield>
    <subfield code="a">861.44 </subfield>
  </datafield>
  <datafield tag="100" ind1="1" ind2=" ">
    <subfield code="a">Morrison, Mateo,</subfield>
    <subfield code="d">1947-</subfield>
    <subfield code="9">1469</subfield>
  </datafield>
  <datafield tag="245" ind1="1" ind2="3">
    <subfield code="a">Pasajero del aire :</subfield>
    <subfield code="b">Passager de l&#xB4;aire = Passeggero dell&#xB4;aria = Passageiro do ar = Passenger of the air / </subfield>
    <subfield code="c">Mateo Morrison ; ilustraciones Juan May&#xED; ; traducciones Gahston Saint-Fleur, Mar&#xED;a Antonietta Ferro, Cristiane Grando, Carmen R. Estrada, Timothy Wals  </subfield>
  </datafield>
  <datafield tag="264" ind1=" " ind2="1">
    <subfield code="a">Santo Domingo :</subfield>
    <subfield code="b">Ediciones de Cultura,</subfield>
    <subfield code="c">2010.</subfield>
  </datafield>
  <datafield tag="300" ind1=" " ind2=" ">
    <subfield code="a">119 p&#xE1;ginas</subfield>
    <subfield code="c">23 cm.</subfield>
  </datafield>
  <datafield tag="336" ind1=" " ind2=" ">
    <subfield code="2">rdacontent</subfield>
    <subfield code="a">texto</subfield>
    <subfield code="b">txt</subfield>
  </datafield>
  <datafield tag="337" ind1=" " ind2=" ">
    <subfield code="2">rdamedia</subfield>
    <subfield code="a">sin mediaci&#xF3;n</subfield>
    <subfield code="b">n</subfield>
  </datafield>
  <datafield tag="338" ind1=" " ind2=" ">
    <subfield code="2">rdacarrier</subfield>
    <subfield code="a">volumen</subfield>
    <subfield code="b">nc</subfield>
  </datafield>
  <datafield tag="505" ind1="0" ind2=" ">
    <subfield code="t">Pasajero del aire --</subfield>
    <subfield code="t"> Passager de l'air -- </subfield>
    <subfield code="t">Passeggero dell'aria -- </subfield>
    <subfield code="t">Passageiro do ar -- </subfield>
    <subfield code="t">Passenger of the air -- </subfield>
    <subfield code="t">El escapa alumbrado -- </subfield>
    <subfield code="t">La fuite illumin&#xE9;e -- </subfield>
    <subfield code="t">La fuga illuminata -- </subfield>
    <subfield code="t">Sa&#xED;da alumbrada -- </subfield>
    <subfield code="t">The illuminated escape / </subfield>
  </datafield>
  <datafield tag="546" ind1=" " ind2=" ">
    <subfield code="a">Texto en espa&#xF1;ol, ingl&#xE9;s y franc&#xE9;s.</subfield>
  </datafield>
  <datafield tag="586" ind1=" " ind2=" ">
    <subfield code="a">Premio Nacional de Literatura</subfield>
  </datafield>
  <datafield tag="590" ind1=" " ind2=" ">
    <subfield code="a">Inventariado, 2024/ YL</subfield>
  </datafield>
  <datafield tag="650" ind1=" " ind2="4">
    <subfield code="a">Literatura dominicana</subfield>
  </datafield>
  <datafield tag="650" ind1=" " ind2="4">
    <subfield code="a">Poes&#xED;a dominicana</subfield>
  </datafield>
  <datafield tag="700" ind1="1" ind2=" ">
    <subfield code="a">Saint-Fleur, Gahston</subfield>
    <subfield code="e">traducci&#xF3;n al franc&#xE9;s</subfield>
    <subfield code="9">61577</subfield>
  </datafield>
  <datafield tag="700" ind1="1" ind2=" ">
    <subfield code="a">Ferro, Mar&#xED;a Antonietta</subfield>
    <subfield code="e">traducci&#xF3;n al italiano</subfield>
    <subfield code="9">84928</subfield>
  </datafield>
  <datafield tag="700" ind1="1" ind2=" ">
    <subfield code="a">Grando, Cristiane</subfield>
    <subfield code="e">traducci&#xF3;n al portugu&#xE9;s</subfield>
    <subfield code="9">84929</subfield>
  </datafield>
  <datafield tag="700" ind1="1" ind2=" ">
    <subfield code="a">Estrada, Carmen R.</subfield>
    <subfield code="e">traducci&#xF3;n al ingles</subfield>
    <subfield code="9">49406</subfield>
  </datafield>
  <datafield tag="700" ind1="1" ind2=" ">
    <subfield code="a">Walsh, Timothy</subfield>
    <subfield code="e">traducci&#xF3;n al ingles</subfield>
    <subfield code="9">49407</subfield>
  </datafield>
  <datafield tag="740" ind1="0" ind2=" ">
    <subfield code="a">The great change : the social and economic transformation of the Dominican Republic, 1963-2013</subfield>
  </datafield>
  <datafield tag="740" ind1="0" ind2=" ">
    <subfield code="a">Le grand changement : la transformation sociale et &#xE9;conomique de la Republique Dominicaine, 1963-2013</subfield>
  </datafield>
  <datafield tag="910" ind1=" " ind2=" ">
    <subfield code="a">YLockward</subfield>
  </datafield>
  <datafield tag="942" ind1=" " ind2=" ">
    <subfield code="2">ddc</subfield>
    <subfield code="c">LBS1</subfield>
  </datafield>
  <datafield tag="952" ind1=" " ind2=" ">
    <subfield code="0">0</subfield>
    <subfield code="1">0</subfield>
    <subfield code="2">ddc</subfield>
    <subfield code="5">1</subfield>
    <subfield code="7">0</subfield>
    <subfield code="8">PD</subfield>
    <subfield code="a">BNPHU</subfield>
    <subfield code="b">BNPHU</subfield>
    <subfield code="c">CT</subfield>
    <subfield code="d">2023-08-15</subfield>
    <subfield code="e">Isabel Medina</subfield>
    <subfield code="l">0</subfield>
    <subfield code="o">BNPHU PD 861.44 M878</subfield>
    <subfield code="p">2024-1137</subfield>
    <subfield code="r">2024-02-19</subfield>
    <subfield code="w">2024-02-19</subfield>
    <subfield code="y">LBS1</subfield>
  </datafield>
  <datafield tag="999" ind1=" " ind2=" ">
    <subfield code="c">55970</subfield>
    <subfield code="d">55970</subfield>
  </datafield>
</record>
